| 000 | 00546cam a2200193 a 4500 | ||
|---|---|---|---|
| 001 | 000006310 | ||
| 005 | 20200929153919.0 | ||
| 008 | 750922s1975 fr 000 0 fre | ||
| 020 | _c30.00F | ||
| 040 |
_aDO-SdBNP _cDLC _dDLC |
||
| 082 |
_a843.912 _bC385h |
||
| 100 | 1 |
_aCayrol, Jean. _917603 |
|
| 245 | 1 | 0 |
_aHistoire de la foret : _brecit / _cJean Cayrol. |
| 260 |
_aParÃs : _bDu Seuil, _c1975. |
||
| 300 |
_a237 p. ; _c21 cm. |
||
| 650 | 4 |
_aNovela francesa _91075 |
|
| 650 | 4 |
_aLiteratura francesa _91074 |
|
| 910 | _aCatalogación por copia / LC | ||
| 999 |
_c6105 _d6105 |
||